[Event "Sao Paulo Camara Memorial 1st"]
[Site "Sao Paulo"]
[Date "2016.03.13"]
[Round "6"]
[White "Aladic, Jose Roberto"]
[Black "Aladic, Gregory"]
[Result "1/2-1/2"]
[WhiteElo "1745"]
[BlackElo "1800"]
[PlyCount "24"]
[EventDate "2016.03.11"]
[EventType "swiss"]
[EventRounds "6"]
[EventCountry "BRA"]
[SourceTitle "CBM 171 Extra"]
[Source "ChessBase"]
[SourceDate "2016.04.26"]
[SourceVersion "1"]
[SourceVersionDate "2016.04.26"]
[SourceQuality "1"]

1. e4 c5 2. Nf3 Nc6 3. Bb5 g6 4. d3 Bg7 5. Nc3 a6 6. Bxc6 bxc6 7. 0-0 d5 8. Bd2 Rb8 9. Rb1 dxe4 10. Nxe4 Rxb2 11. h3 Rxa2 12. Nh2 Nf6 1/2-1/2

[Event "Sao Paulo Camara Memorial 1st"]
[Site "Sao Paulo"]
[Date "2016.03.11"]
[Round "1"]
[White "Aladic, Jose Roberto"]
[Black "Costa, Edvaldo da Cruz"]
[Result "0-1"]
[WhiteElo "1745"]
[BlackElo "1739"]
[PlyCount "42"]
[EventDate "2016.03.11"]
[EventType "swiss"]
[EventRounds "6"]
[EventCountry "BRA"]
[SourceTitle "CBM 171 Extra"]
[Source "ChessBase"]
[SourceDate "2016.04.26"]
[SourceVersion "1"]
[SourceVersionDate "2016.04.26"]
[SourceQuality "1"]

1. e4 c5 2. c3 Nf6 3. Bd3 Nc6 4. Nf3 g6 5. 0-0 Bg7 6. Bc2 0-0 7. d3 d5 8. Bd2 Bg4 9. h3 Bxf3 10. Qxf3 dxe4 11. dxe4 Ne5 12. Qd1 Nd3 13. Bxd3 Qxd3 14. f3 Nh5 15. Qc1 Ng3 16. Rf2 Ne2+ 17. Rxe2 Qxe2 18. Bh6 Rad8 19. Qf4 Bxh6 20. Qxh6 Rd1+ 21. Kh2 Qxb2 0-1